New approach needed for SMEs (Record no. 70125)
[ view plain ]
| 000 -LEADER | |
|---|---|
| fixed length control field | 00910cam a2200205 4500 |
| 001 - CONTROL NUMBER | |
| control field | WB3816-05 |
| 008 - FIXED-LENGTH DATA ELEMENTS--GENERAL INFORMATION | |
| fixed length control field | 020430n2002 000 0 eng u |
| 035 ## - SYSTEM CONTROL NUMBER | |
| System control number | (Sirsi) u117774 |
| 245 ## - TITLE STATEMENT | |
| Title | New approach needed for SMEs |
| 260 ## - PUBLICATION, DISTRIBUTION, ETC. | |
| Date of publication, distribution, etc. | 2002 |
| 490 ## - SERIES STATEMENT | |
| Series statement | ESRC Press Release |
| Volume/sequential designation | 24 April 2002, (3) |
| 520 ## - SUMMARY, ETC. | |
| Summary, etc. | Research from the Economic and Social Research Council (ESRC) argues that government needs to change its approach to encourage the growth of small and medium-sized entreprises (SMEs). ESRC has found that many small firms do not use government's Small Business Advisory Service and would benefit more from networks based on trusted local groups. http://www.esrc.ac.uk/esrccontent/news/april02-3.asp |
| 590 ## - LOCAL NOTE (RLIN) | |
| Local note | WB |
| 650 ## - SUBJECT ADDED ENTRY--TOPICAL TERM | |
| Topical term or geographic name entry element | SMES |
| 650 ## - SUBJECT ADDED ENTRY--TOPICAL TERM | |
| Topical term or geographic name entry element | ECONOMIC AND SOCIAL RESEARCH COUNCIL |
| 650 ## - SUBJECT ADDED ENTRY--TOPICAL TERM | |
| Topical term or geographic name entry element | SMES |
| 650 ## - SUBJECT ADDED ENTRY--TOPICAL TERM | |
| Topical term or geographic name entry element | BUSINESS ADVICE |
| 690 ## - LOCAL SUBJECT ADDED ENTRY--TOPICAL TERM (OCLC, RLIN) | |
| Topical term or geographic name as entry element | MANAGEMENT-BUSINESS MANAGEMENT |
| 942 ## - ADDED ENTRY ELEMENTS (KOHA) | |
| Suppress in OPAC | 0 |
| Withdrawn status | Lost status | Source of classification or shelving scheme | Damaged status | Not for loan | Home library | Current library | Shelving location | Date acquired | Total Checkouts | Full call number | Barcode | Date last seen | Copy number | Price effective from | Koha item type |
|---|---|---|---|---|---|---|---|---|---|---|---|---|---|---|---|
| Dewey Decimal Classification | London | London | News article | 30/04/2002 | WB3816-05 | 117774-1001 | 06/08/2019 | 1 | 06/08/2019 | News article |